Datum a čas kvízu
35
Celkem bodů
Celkový počet nahraných bodů na tomto kvízu bez doplňovacích otázek.
1.
Pořadí na kvízu
Konečné umístění týmu na tomto kvízu.
Zaznamenané odpovědi
| # | Otázka | Odpověď | Body | Výsledky |
|---|---|---|---|---|
| 1. | V Praze byla v úterý symbolick... | na Karlově mostě | 1 | |
| 2. | V pátek podal premiér v jedné... | Francie | 1 | |
| 3. | V pátek začala ve vybraných ki... | Tady Vary | 1 | |
| 4. | Minulý týden byl zveřejněn prů... | Amazon | 0 | |
| 5. | Jak se jmenuje letošní vítěz č... | Sparta Praha | 1 | |
| 6. | Toto téma začneme poněkud netr... | Manželství na zkoušku/manželství na rok a den. | 0 | |
| 7. | Kromě Yoko Ono, i další manžel... | George Harrison | 1 | |
| 8. | Jedna z chotí československých... | D | 1 | |
| 9. | Americká herečka Joanne Woodwa... | Paul Newman | 1 | |
| 10. | Mysteriózní komediální americk... | 1D 2C 3A 4B | 1 |